000 00487nam a2200181Ia 4500
005 20250326130413.0
008 250326s9999 xx 000 0 und d
037 _aTextbook
040 _aFMSL
_beng
_cFMSL
041 _aeng
_2eng
084 _aX:9.44 L4
_qFMSL
100 _aSingh I
_9186846
245 0 _aAgricultural atlas of India
_cSingh I
260 _aNew Delhi
_bNew Delhi, Vishal
_c1974
300 _a356p
942 _cTB
_hX:9.44 L4
999 _c1282342
_d1282342